000 00354nam a2200157Ia 4500
100 _aSharma/ M.C.
650 _aElectrical Engineering
942 _cRB
654 _aTransistors
245 _aUsing Field-Effect Transistors
260 _bBusiness promotion
_aDelhi
_c1977
082 _a621.3
_bSha
300 _a56
546 _aENGLISH
999 _c31487
_d31487